Conversando con el otro /
Sparad:
| Huvudupphovsman: | |
|---|---|
| Materialtyp: | Okänd |
| Språk: | Spanish |
| Publicerad: |
Cuba :
Ediciones Unión,
1990.
|
| Ämnen: | |
| Taggar: |
Lägg till en tagg
Inga taggar, Lägg till första taggen!
|
MARC
| LEADER | 000000000a22000000004500 | ||
|---|---|---|---|
| 001 | 001978 | ||
| 041 | 0 | |a spa | |
| 082 | 0 | 4 | |a Cu863.44 |b A445c |
| 100 | 1 | |a Álvarez, Luis | |
| 245 | 1 | 0 | |a Conversando con el otro / |c Luis Álvarez. |
| 260 | 1 | |a Cuba : |b Ediciones Unión, |c 1990. | |
| 300 | |a 215 páginas ; |c 23 cm. | ||
| 650 | 4 | |a LITERATURA CUBANA | |
| 650 | 4 | |a ENSAYO CUBANO | |
| 999 | |c 8587 |d 8587 | ||
| 942 | |c BK |h Cu863.44 A445c |2 z | ||
